000 02167nam0a2200313 4500
001 RU\NLR\BIBL_A\022735855
005 20260319163031.0
010 _a978-5-7696-6992-7
_91000
021 _aRU
_bКН-П-25-081702
_9КН-П-25-7913
035 _a(NLR Aleph) 022735855
090 _a13639681
_c13639681
100 _a20260225d2025 u y0rusy50 ca
101 0 _arus
_asah
102 _aRU
105 _aa z 000 y
181 0 _ai
_baxxe
182 0 _an
200 1 _aХабыланды баатыр
_eказах баатырдыы эпоhа
_fРоссия Федерациятын ЮНЕСКО дьыалаларыгар хамыыhыйата, "Аан дойду норуоттарын эпостара"норуоттар икки ардыларынааҕы ассоциация, Аль-Фараби аатынан Казах национальнайуниверситета, Саха Ѳрѳспүүлүкэтин Ил Дарханын иhинэн "Олонхо" Национальнай тэрийэр кэмитиэт, М. К. Аммосов аатынан Хотугулуу-Илиҥҥи федеральнай университет
_gКазах XIX-XX үйэлэринээҕи акынарын айымньыларыгар олоҕуран Нурмагамбетова О. А. уонна Кидайш-Покровская Н. В. хомуйан оҥоруулара, нууччалыы тылб.
_gЖирков А. Н., Торотоев Г. Г., Кириллин Т. С. нууччалыыттан сахалыы тылб.
_gАлимхан Смагулов иллюстрациялара
203 _aТекст
_bвизуальный
_cнепосредственный
210 _aДьокуускай
_cАйар
_d2025
215 _a340,[2] с.
_cил.
_d30
225 1 _aЭпические памятники народов мира
541 1 _aКобланды батыр
_eказахский героический эпос
_zrus
686 1 _aШ3(257=Каз)-611
702 1 _aЖирков
_bА. Н.
_gАлександр Николаевич
_4220
702 1 _aСмагулов
_bА.
_gАлимхан
_4440
942 _cBOOK
980 _aNB